01447nam a2200265Ia 4500001000600000003000900006008004100015040001300056040001300069041001300082100002100095100002800116240001900144240003500163245001800198245001800216250001100234260000900245260001200254260004900266300004300315500076700358650002501125650003101150 871IT-RoPAU130308s9999 xx 000 0 und d aIT-RoPAU cIT-RoPAU aITALIANO aStolzenberg Mark gCodice Aut. SPICS: 982 aEXPLORING MIME gCodice Tit. Orig. Spics: T0589 aArte del mimo bArte del Mimo a1a ed. aROMA bGremese c1981 [1° Ed.:1981 - Ed.Ling.Originale:1979] a"128 p. (prefazione: no ; testo: 128)" aFotografie di Jim Moore. consigli su Come: Riscaldare I Muscoli, Adoperareogni parte del Corpo, Sperimentare Effetti classici e Nuovi, Rappresentaresituazioni Sceniche Classiche ed Inventarne di Nuove, realizzare una rappresentazione Mimica, migliorare Lo Stile, Dar Vita a Personaggi e Scenette, Truccarsi da Se' e cominciare a Dare rappresentazioni Alle Feste, Sul Palcoscenico, per le Strade, Nei parchi e Ovunque. Capitoli: Esercizi di Riscaldamento, Statua, Replays, Robot, Uomo Meccanico, Vigile Urbano, Muro, posizione della Strega, Sollevatore di Pesi, a Passeggio con Il Cane, Camminata Ecorsa del Mimo, Astronauta, Perfetto Stile del Mimo, creazioni di Situazioni Sceniche, Trucco, Rappresentazione, mimo in Prospettiva. Guida Agli Esercizi. Glossario. aMIMO/TEATRO GESTUALE eCodice materia Spics: 8250